Predstavujeme kandidátov prezidentský kandidát V. Mečiar o politickej kultúre, ekonomike, zodpovednosti i odchodoch z verejného života

Bibliographic Details
Main Authors: Višváder, Peter (ain), Mečiar, Vladimír, 1942- (Author, uin)
Format: Article
Language:Slovak
PhysicalDescription:Fotogr.
ISSN:1335-4124
Subjects:

MARC

LEADER 00000nab a2200000 a 4500
001 vtls000690127
003 SK-MaSNL
005 20260426072917.0
008 180206c1999 xo 0 slo
015 |a SNBRB1999/05-11460 
035 |a CLN000042294 
040 |a SNKBUCL  |b slo  |c SNKBUCL  |e AACR2 
041 0 |a slo 
044 |a xo  |c SK 
080 |a 32-051:342.511:342.843.1:342.511  |2 UDC-MRF-SK2 
080 |a 324(437.6):342.511  |2 UDC-MRF-SK2 
100 1 |a Višváder, Peter  |4 ain  |9 267696 
245 1 0 |a Predstavujeme kandidátov  |b prezidentský kandidát V. Mečiar o politickej kultúre, ekonomike, zodpovednosti i odchodoch z verejného života  |c [zhováral sa] Peter Višváder 
300 |b Fotogr. 
600 1 7 |a Mečiar, Vladimír,  |d 1942-  |2 SNKMA  |9 10144 
648 7 |a 1999  |2 SNK  |9 266597 
650 0 7 |a prezidentské voľby  |2 SNKMA  |9 4489 
651 7 |a Slovensko  |2 SNKPH  |9 14231 
655 7 |a články z novín a časopisov  |2 snkbucl  |9 267496 
700 1 |a Mečiar, Vladimír,  |d 1942-  |4 aut  |4 uin  |9 10144 
773 0 |x 1335-4124  |t Hospodársky denník  |g Roč. 1, č. 57 (10.5.1999), s. 1 a 4 
850 |a Slovenská národná knižnica v Martine 
852 |a SNK  |b KIS3GCP 
958 |a RBX 
999 |c 2695066  |d 2696996